000 00446nam a2200181Ia 4500
005 20250603144950.0
008 250603s9999 xx 000 0 und d
020 _a9789780231706
050 _aGR 350 .A33/
100 _aAkankali, Justin
245 0 _aFolklore and traditional politics in an African Society
260 _aLagos
260 _bMathouse Press Limited
260 _c2009
300 _a338 p
650 _aLagos
942 _cBK
999 _c40481
_d40481